000 01106nam a2200289 4500
001 0000015523
003 CO-CtgCURN
005 20250506180902.0
007 ta
008 160627s1995 000 0 eng d
020 _a8448702182
040 _aCO-CtgCURN
_bspa
_ccoctgcurn
082 0 _a321.07
_bP51a
245 0 0 _aExposición de la república de platón /
_cdirector de producción Manuel Alvarez, traducción Miguel Cruz Hernández.
260 _aBarcelona :
_bEdiciones Altaya,
_c1995.
300 _a158 p.
336 _2rdacontent
337 _2rdamedia
_asin mediacion
_bn
338 _2rdacarrier
_avolumen
_bnc
490 1 _aColección Averroes
505 8 _aLa obra.--La critica al medio social andalusi.--El pensamiento de ibn rusd.--etica sociedad y derecho.--Naturaleza de la sociedad.--Las formas de gobiero.--Exposicion de la republica de platon
650 1 4 _aFilosofia antigua.
700 1 _aAlvarez, Manuel dr ,Cruz Hernández, Miguel tr.
908 _a160627
942 _cBK
_h321.07
_iP51a
_2ddc
_n0
999 _c17966
_d17966